000
00307nam a22001217a 4500
040
_c
SY
082
_a
330
100
_a
NA
245
_a
ទស្សនាវដ្ដី សេដ្ឋកិច្ច និង ហិរញ្ញវត្ថុ
260
_a
RUA
_b
NA
_c
2000
300
_a
149p.
942
_c
KB
999
_c
9913
_d
9913